La Formule 1 de A à Z - Statistiques

Statistiques générales
  • Ce quiz a été pris 269 fois
  • Le résultat moyen est 22 sur 26
Statistiques - réponses
Lettre Question Réponse % Correct
B Pays où se trouve le circuit de Spa-Francorchamps Belgique
99%
F Écurie comptant le plus de participations aux Grands Prix de Formule 1 Ferrari
97%
J Couleur du drapeau lorsqu'il y a un danger sur le circuit Jaune
97%
H Pilote britannique 7 fois champion du monde, autant que Michael Schumacher Lewis Hamilton
97%
N Plateforme sur laquelle est diffusée la série "Formula 1 : Drive to Survive" Netflix
95%
Q Manches permettant de définir la grille de départ du Grand Prix Qualifications
95%
K Prénom du pilote finlandais Räikkönen Kimi
94%
V Pilotes champions du monde avec l'écurie Red Bull Max Verstappen / Sebastian Vettel
94%
S Pilote brésilien décédé le 1er Mai 1994 lors du Grand Prix de Saint-Marin Ayrton Senna
93%
G Pilote français qui a survécu à un grave accident lors du Grand Prix de Bahreïn 2020 Romain Grosjean
93%
D Système présent sur les monoplaces permettant de lever l'aileron arrière afin de gagner en vitesse Drag Reduction System (DRS)
92%
P Marque de pneus utilisée par chaque pilote Pirelli
90%
O Vainqueur du Grand Prix de Hongrie 2021 Esteban Ocon
89%
M Circuit où Pierre Gasly a remporté son premier Grand Prix Monza
89%
Y Prénom du pilote japonais Tsunoda Yuki
89%
E Pays ou se déroule traditionnellement le dernier Grand Prix de la saison Émirats Arabes Unis
87%
L Ville ou se déroule le 3e Grand Prix du calendrier sur le sol américain depuis 2023 Las Vegas
87%
W Écurie avec laquelle Jacques Villeneuve a été sacré champion du monde en 1997 Williams
87%
C Surnom du pilote mexicain Sergio Perez Checo
85%
T Premier nom de l'écurie Racing Bulls, signifiant Red Bull en italien Toro Rosso
79%
U Mot anglais utilisé lorsqu'un pilote anticipe un arrêt au stand pour pouvoir doubler son adversaire lorsque ce dernier s'arrêtera Undercut
78%
Z Circuit accueillant le Grand Prix des Pays-Bas Zandvoort
72%
I Nom du circuit du Grand Prix du Brésil Interlagos
69%
R Film mettant en scène la rivalité entre James Hunt et Niki Lauda Rush
60%
A Lieu où se situe le circuit du Grand Prix d'Australie, au cœur de Melbourne Albert Park
51%
X Nombre de victoires de Fernando Alonso en chiffres romains XXXII (32)
49%
Aucun quiz correspondant
Distribution des résultats
% des personnes avec chaque résultat
Percentile par nombre de réponses
Votre historique - résultats
Vous n’avez pas pris ce quiz